000 00552nam a2200169 i 4500
001 146356
003 ES-MaACL
005 20230906201514.0
007 t|
008 070907s1972 sp ||||1| spa d
080 _a1 Raimundo Lulio. Beato
100 1 _aTrias, Sebastià.
_9111380
245 1 3 _aEl pensamiento y la palabra
_b: (aspectos olvidados de la filosofía de R. Llull) /
_cSebastián Trías Mercant.
260 _aPalma de Mallorca :
_b[s.n.],
_c1972 (
_fImp. Fullana)
300 _a90 p. ;
_c21 cm.
852 _aES-MaACL
_jC-47970
_bR.83157
999 _c146356
_d146356